[Event "2. Bundesliga Mitte 2005/2006"]
[Site "?"]
[Date "2006.03.05"]
[Round "9.6"]
[White "Kotz, Heinz Peter"]
[Black "Sandhoefner, Florian"]
[Result "1-0"]
[WhiteElo "2343"]
[BlackElo "2285"]
[PlyCount "59"]
[EventDate "2006.03.04"]
[SourceDate "2006.03.04"]

1. e4 c5 2. c3 Nf6 3. e5 Nd5 4. d4 cxd4 5. Nf3 Nc6 6. Bc4 e6 7. cxd4 d6 8. exd6
Bxd6 9. O-O O-O 10. Nc3 Nxc3 11. bxc3 b6 12. Bd3 Be7 13. Qe2 Bb7 14. Qe4 g6 15.
Bh6 Re8 16. Qf4 Qd6 17. Qg4 Rac8 18. Rfe1 Na5 19. Ne5 f5 20. Qg3 Rxc3 21. Rac1
Ra3 22. Bf4 Qxd4 23. Red1 Rd8 24. h3 Bf6 25. Rc7 Qd5 26. f3 Bxe5 27. Bxe5 Rxd3
28. Rxd3 Qxd3 29. Rg7+ Kf8 30. Qg5 1-0

[Event "2. Bundesliga Mitte 2005/2006"]
[Site "?"]
[Date "2006.03.05"]
[Round "9.6"]
[White "Tober, Gerhard"]
[Black "Ebner, Hubert"]
[Result "1/2-1/2"]
[WhiteElo "2318"]
[BlackElo "2281"]
[PlyCount "82"]
[EventDate "2006.03.04"]
[SourceDate "2006.03.04"]

1. e4 e6 2. d3 d5 3. Nd2 c5 4. g3 Bd6 5. Bg2 Ne7 6. f4 Nbc6 7. Ngf3 b6 8. O-O
Bb7 9. Nh4 dxe4 10. dxe4 Qd7 11. Nc4 Bc7 12. Qxd7+ Kxd7 13. Rd1+ Kc8 14. c3 Rd8
15. Be3 Rxd1+ 16. Rxd1 Ba6 17. Bf1 Kb7 18. Rd7 Bxc4 19. Bxc4 Rd8 20. Rxd8 Bxd8
21. f5 exf5 22. Nxf5 Ne5 23. Be2 g6 24. Nd6+ Kc6 25. Nc4 Nxc4 26. Bxc4 f6 27.
a4 Bc7 28. Bb5+ Kb7 29. Bc4 Kc6 30. Kg2 Be5 31. h4 Kd6 32. g4 Kd7 33. h5 g5 34.
b4 Kd6 35. Bd2 h6 36. Kf3 Nc6 37. Bd5 Ne7 38. c4 Nc6 39. bxc5+ bxc5 40. Bxc6
Kxc6 41. Ba5 Kd7 1/2-1/2

[Event "2. Bundesliga Mitte 2005/2006"]
[Site "?"]
[Date "2006.03.05"]
[Round "9.6"]
[White "Aschenbrenner, Robert"]
[Black "Heimberger, Reinhard"]
[Result "1/2-1/2"]
[WhiteElo "2245"]
[BlackElo "2297"]
[PlyCount "36"]
[EventDate "2006.03.04"]
[SourceDate "2006.03.04"]

1. d4 d5 2. c4 c6 3. Nf3 Nf6 4. Nc3 e6 5. Bg5 Be7 6. e3 Nbd7 7. Qc2 a6 8. cxd5
exd5 9. h3 O-O 10. Bd3 Re8 11. O-O-O Nf8 12. Bxf6 Bxf6 13. Kb1 Be6 14. Ne2 Rc8
15. g4 g6 16. Rdg1 Qa5 17. Qd2 Qxd2 18. Nxd2 c5 1/2-1/2

[Event "2. Bundesliga Mitte 2005/2006"]
[Site "?"]
[Date "2006.03.05"]
[Round "9.6"]
[White "Kranzl, Peter"]
[Black "Kastner, Walter"]
[Result "1-0"]
[WhiteElo "2252"]
[BlackElo "2263"]
[PlyCount "71"]
[EventDate "2006.03.04"]
[SourceDate "2006.03.04"]

1. e4 e6 2. d4 d5 3. Nd2 Nf6 4. e5 Nfd7 5. f4 c5 6. c3 Nc6 7. Ndf3 Qb6 8. g3
Be7 9. h4 cxd4 10. cxd4 f6 11. a3 a5 12. Bd3 O-O 13. Bxh7+ Kxh7 14. Ng5+ Kg6
15. h5+ Kh6 16. Nxe6 f5 17. g4 Nxd4 18. g5+ Kh7 19. Nxd4 Bc5 20. Ngf3 Nb8 21.
Rh2 Nc6 22. Be3 a4 23. Rc1 Bd7 24. g6+ Kg8 25. Rhc2 Nxd4 26. Bxd4 Bxd4 27. Qxd4
Qa5+ 28. Kf2 Rac8 29. Rc5 Qb6 30. Rxc8 Qxd4+ 31. Nxd4 Bxc8 32. Rc7 b6 33. Ra7
Rd8 34. Ra8 Re8 35. Nxf5 Bxf5 36. Rxe8# 1-0

[Event "2. Bundesliga Mitte 2005/2006"]
[Site "?"]
[Date "2006.03.05"]
[Round "9.6"]
[White "Herndl, Gerald"]
[Black "Stadler, Peter"]
[Result "1/2-1/2"]
[WhiteElo "2173"]
[BlackElo "2197"]
[PlyCount "58"]
[EventDate "2006.03.04"]
[SourceDate "2006.03.04"]

1. Nf3 c5 2. d3 g6 3. g3 Bg7 4. Bg2 Nc6 5. O-O d6 6. e4 e6 7. Nbd2 Nge7 8. Nc4
O-O 9. Ne3 f5 10. exf5 gxf5 11. Nh4 Ne5 12. c3 N7g6 13. Nxg6 Nxg6 14. f4 Qc7
15. g4 fxg4 16. Qxg4 Ne7 17. Rf3 Rf6 18. Rh3 Rg6 19. Qh5 h6 20. f5 exf5 21. Rg3
Rf6 22. Qe8+ Rf8 23. Nd5 Nxd5 24. Bxd5+ Kh8 25. Qh5 f4 26. Rf3 Rf5 27. Qe8+ Rf8
28. Qh5 Rf5 29. Qe8+ Rf8 1/2-1/2

[Event "2. Bundesliga Mitte 2005/2006"]
[Site "Gleisdorf"]
[Date "2006.03.25"]
[Round "10.1"]
[White "Farago, Ivan"]
[Black "Stohl, Igor"]
[Result "1/2-1/2"]
[WhiteElo "2467"]
[BlackElo "2548"]
[PlyCount "21"]
[EventDate "2005.10.08"]

1. d4 Nf6 2. c4 e6 3. Nf3 b6 4. a3 c5 5. d5 Na6 6. Qc2 exd5 7. cxd5 g6 8. Nc3
Bg7 9. g3 O-O 10. Bg2 d6 11. O-O 1/2-1/2

[Event "2. Bundesliga Mitte 2005/2006"]
[Site "Gleisdorf"]
[Date "2006.03.25"]
[Round "10.1"]
[White "Rumpl, Erwin"]
[Black "Arwanitakis, Michael"]
[Result "1-0"]
[WhiteElo "2290"]
[BlackElo "2254"]
[PlyCount "123"]
[EventDate "2005.10.08"]

1. Nf3 Nf6 2. g3 g6 3. b3 Bg7 4. Bb2 O-O 5. Bg2 d6 6. d4 e5 7. dxe5 Nfd7 8. Nc3
dxe5 9. Qd2 a5 10. O-O-O Re8 11. h4 Ra6 12. Ne4 a4 13. Nfg5 axb3 14. Nxf7 Qe7
15. axb3 Qxf7 16. Ng5 Bh6 17. Bd5 Rae6 18. f4 Bxg5 19. Bxe6 Rxe6 20. hxg5 Nc6
21. Qc3 Qe7 22. Rhf1 Nb4 23. Kb1 Rc6 24. Qf3 e4 25. Qf2 Nxc2 26. e3 Na3+ 27.
Bxa3 Qxa3 28. Qb2 Qxb2+ 29. Kxb2 Kf7 30. Rd4 Nc5 31. Rh1 Kg7 32. b4 Nd3+ 33.
Kb1 Be6 34. Rg1 Rc4 35. Rxc4 Bxc4 36. Kc2 b5 37. Kc3 c6 38. Ra1 Bf7 39. Ra7 Kg8
40. Rc7 Bd5 41. Rc8+ Kf7 42. Rc7+ Ke6 43. Rxh7 Nc1 44. Rg7 Na2+ 45. Kd4 Nxb4
46. Rxg6+ Kf7 47. Rf6+ Ke7 48. Rh6 Nc2+ 49. Ke5 Nxe3 50. Rh7+ Kf8 51. Ra7 Ng4+
52. Kf5 Nf2 53. Kf6 c5 54. g6 e3 55. g7+ Kg8 56. Re7 Ng4+ 57. Kg6 Bc6 58. f5 b4
59. f6 Nxf6 60. Kxf6 b3 61. Rf7 Kh7 62. Rf8 1-0

[Event "2. Bundesliga Mitte 2005/2006"]
[Site "Gleisdorf"]
[Date "2006.03.25"]
[Round "10.1"]
[White "Wagner, Stephan"]
[Black "Mittermayr, Gerhard"]
[Result "1-0"]
[WhiteElo "2165"]
[BlackElo "2182"]
[PlyCount "105"]
[EventDate "2005.10.08"]

1. c4 Nf6 2. Nc3 g6 3. g3 Bg7 4. Bg2 O-O 5. d3 d6 6. Rb1 e5 7. b4 c6 8. Qb3 Na6
9. a4 Nc7 10. Nf3 Ne6 11. e3 a5 12. b5 Nc5 13. Qc2 e4 14. Nxe4 Nxd3+ 15. Qxd3
Nxe4 16. Nd4 Nc5 17. Qd1 Bxd4 18. Qxd4 Bf5 19. Bb2 f6 20. Rd1 Bc2 21. Rd2 Bxa4
22. Qxd6 Qxd6 23. Rxd6 Rfd8 24. Rxd8+ Rxd8 25. Bd4 Nd7 26. Bc3 Ra8 27. O-O Nb6
28. Ra1 cxb5 29. cxb5 Bxb5 30. Rxa5 Ba6 31. Bxf6 Rc8 32. Ra1 Kf7 33. Bd4 Nc4
34. h4 Nd2 35. g4 Rc2 36. Kh2 Be2 37. Kg3 Ke6 38. Bxb7 Nf1+ 39. Kh3 Bc4 40. Ba6
Bxa6 41. Rxa6+ Kd5 42. Rf6 Ke4 43. Kg2 Nd2 44. Rf7 h6 45. Bg7 h5 46. g5 Kd3 47.
Be5 Ke2 48. Bg3 Rc1 49. Rf4 Kd3 50. Rf6 Ke2 51. e4 Rf1 52. e5 Ne4 53. e6 1-0

[Event "2. Bundesliga Mitte 2005/2006"]
[Site "Gleisdorf"]
[Date "2006.03.25"]
[Round "10.1"]
[White "Gueting, Jens"]
[Black "Hatzl, Stefan"]
[Result "1-0"]
[WhiteElo "2170"]
[BlackElo "2137"]
[PlyCount "59"]
[EventDate "2005.10.08"]

1. e4 c5 2. Nc3 d6 3. f4 g6 4. Nf3 Bg7 5. Bb5+ Bd7 6. Bxd7+ Qxd7 7. O-O Nc6 8.
d3 Nd4 9. Be3 b5 10. Qd2 e6 11. Ng5 Ne7 12. Nd1 O-O 13. c3 Ndc6 14. Qf2 f5 15.
Qh4 h6 16. Nf3 c4 17. dxc4 bxc4 18. e5 Nd5 19. Bd4 Nxd4 20. cxd4 dxe5 21. dxe5
Rab8 22. Rc1 Rfc8 23. a3 Bf8 24. Kh1 Kg7 25. Rf2 Be7 26. Qg3 c3 27. bxc3 Nxc3
28. Rd2 Qb5 29. Nxc3 Rxc3 30. Rxc3 1-0

[Event "2. Bundesliga Mitte 2005/2006"]
[Site "Gleisdorf"]
[Date "2006.03.25"]
[Round "10.1"]
[White "Manhardt, Thomas"]
[Black "Dumancic, Pero"]
[Result "0-1"]
[WhiteElo "2121"]
[BlackElo "2089"]
[PlyCount "76"]
[EventDate "2005.10.08"]

1. e4 e6 2. c4 c5 3. Nc3 Nc6 4. Nf3 e5 5. Be2 d6 6. O-O Be7 7. h3 Nf6 8. d3 O-O
9. Nh2 Nd4 10. f4 a6 11. a4 Qb6 12. Nf3 Nxe2+ 13. Qxe2 Nh5 14. Nd5 Qd8 15. Qf2
Nxf4 16. Nxf4 exf4 17. Bxf4 Bf6 18. Qg3 Be7 19. Bh6 Bf6 20. e5 dxe5 21. Nd2
Qd4+ 22. Be3 Qh4 23. Qf3 Be6 24. Bxc5 Rfd8 25. Ne4 Be7 26. Bf2 Qf4 27. Qe2 Qh6
28. Be3 Qg6 29. Rf3 f5 30. Rg3 Qe8 31. Bh6 fxe4 32. Rxg7+ Kh8 33. Qxe4 Bc5+ 34.
Kh1 Bg8 35. Rc7 Bf7 36. Qxb7 Ra7 37. Qc6 Qxc6 38. Rxc6 Bd4 {
nicht nachvollziehbar} 0-1

[Event "2. Bundesliga Mitte 2005/2006"]
[Site "Gleisdorf"]
[Date "2006.03.25"]
[Round "10.2"]
[White "Seifert, Volker"]
[Black "Zaja, Ivan"]
[Result "1-0"]
[WhiteElo "2297"]
[BlackElo "2475"]
[PlyCount "109"]
[EventDate "2005.10.08"]

1. d4 Nf6 2. c4 e6 3. Nc3 Bb4 4. Qc2 O-O 5. Bg5 c5 6. e3 b6 7. a3 cxd4 8. axb4
dxc3 9. Qxc3 Bb7 10. Nf3 d6 11. Be2 Nbd7 12. Qd4 Qe7 13. Rd1 d5 14. cxd5 exd5
15. O-O Qe6 16. Rc1 Rfc8 17. h3 Ne4 18. Bf4 h6 19. Rfd1 Qe7 20. Bd3 Nf8 21.
Bxe4 dxe4 22. Bd6 Qe6 23. Rxc8 Rxc8 24. Bxf8 Rxf8 25. Ne5 Re8 26. Nc4 Ba6 27.
b3 Rc8 28. Nd6 Rd8 29. b5 Bxb5 30. Qb4 Bc6 31. Rd4 Rd7 32. g4 g6 33. Qd2 Qxb3
34. Ne8 Re7 35. Nf6+ Kg7 36. Rd6 Re6 37. Qd4 Kf8 38. Rd8+ Be8 39. Rxe8+ Rxe8
40. Qd6+ Re7 41. Qd8+ Kg7 42. Qxe7 a5 43. Nd7 Qd1+ 44. Kh2 Qf3 45. Qe5+ Kg8 46.
Nf6+ Kf8 47. Nxe4 a4 48. Qd6+ Kg8 49. Qc6 Kf8 50. Qxa4 f5 51. Qa8+ Ke7 52. Qb7+
Kf8 53. Qc8+ Kg7 54. Qc7+ Kf8 55. Qd8+ 1-0

[Event "2. Bundesliga Mitte 2005/2006"]
[Site "Gleisdorf"]
[Date "2006.03.25"]
[Round "10.2"]
[White "Bukal, Vladimir Jun"]
[Black "Rolletschek, Heinrich"]
[Result "0-1"]
[WhiteElo "2398"]
[BlackElo "2246"]
[PlyCount "70"]
[EventDate "2005.10.08"]

1. d4 f5 2. g3 Nf6 3. Bg2 g6 4. Nh3 Bg7 5. Nf4 c6 6. c4 d6 7. d5 O-O 8. Nc3 e5
9. dxe6 Qe7 10. h4 Bxe6 11. h5 Bf7 12. hxg6 hxg6 13. Qc2 Na6 14. O-O Nc5 15. b4
Nce4 16. Nxe4 Nxe4 17. Rb1 g5 18. Nh3 Nc3 19. Bxg5 Qxe2 20. Qxe2 Nxe2+ 21. Kh2
Bxc4 22. Rfe1 d5 23. b5 Nc3 24. bxc6 Nxb1 25. cxb7 Rab8 26. Rxb1 Rf7 27. Nf4
Rfxb7 28. Rd1 Rb2 29. Nxd5 Rxf2 30. Kg1 Rbb2 31. Nf4 Rfd2 32. Re1 Bd4+ 33. Kh1
Rxg2 34. Re8+ Kf7 35. Re7+ Kf8 0-1

[Event "2. Bundesliga Mitte 2005/2006"]
[Site "Gleisdorf"]
[Date "2006.03.25"]
[Round "10.2"]
[White "Woeber, Friedrich"]
[Black "Bukal, Vladimir"]
[Result "0-1"]
[WhiteElo "2155"]
[BlackElo "2382"]
[PlyCount "38"]
[EventDate "2005.10.08"]

1. e4 e6 2. d4 d5 3. Nc3 Bb4 4. Nge2 Nc6 5. e5 f6 6. f4 Nh6 7. Ng3 O-O 8. a3
Ba5 9. Bb5 fxe5 10. fxe5 Qh4 11. Bxh6 Qxh6 12. Qd3 Bb6 13. Bxc6 bxc6 14. Na4 a5
15. Nxb6 cxb6 16. Rd1 Ba6 17. Qd2 Rf4 18. b3 Raf8 19. Rc1 Qh4 0-1

[Event "2. Bundesliga Mitte 2005/2006"]
[Site "Gleisdorf"]
[Date "2006.03.25"]
[Round "10.2"]
[White "Stuhlik, Marko"]
[Black "Winiwarter, Felix"]
[Result "0-1"]
[WhiteElo "2196"]
[BlackElo "2119"]
[PlyCount "68"]
[EventDate "2005.10.08"]

1. g3 e5 2. c4 Nc6 3. Bg2 Be7 4. Nc3 Nf6 5. d3 d6 6. h3 Be6 7. e4 O-O 8. Nge2
Nd7 9. O-O f5 10. exf5 Bxf5 11. Bd5+ Kh8 12. g4 Bg6 13. f4 exf4 14. Nxf4 Bh4
15. Ne4 Qe7 16. Bd2 Nd4 17. Bc3 Qe5 18. Ne2 Rxf1+ 19. Qxf1 Rf8 20. Qxf8+ Nxf8
21. Bxd4 Qe7 22. N4c3 c5 23. Bf2 Bxf2+ 24. Kxf2 Bxd3 25. Nf4 Qf6 26. Kg3 Qe5
27. Kf3 Bc2 28. Rc1 Ng6 29. Nxg6+ Bxg6 30. Bxb7 h5 31. Bd5 h4 32. Rg1 Qf6+ 33.
Ke2 Qe5+ 34. Kd1 Qd4+ 0-1

[Event "2. Bundesliga Mitte 2005/2006"]
[Site "Gleisdorf"]
[Date "2006.03.25"]
[Round "10.2"]
[White "Enzendorfer, Alfred"]
[Black "Mitter, Gerd"]
[Result "0-1"]
[WhiteElo "2099"]
[BlackElo "2181"]
[PlyCount "76"]
[EventDate "2005.10.08"]

1. Nf3 Nf6 2. d4 g6 3. c4 Bg7 4. Nc3 d5 5. e3 O-O 6. Be2 c5 7. O-O cxd4 8. Nxd4
Nc6 9. cxd5 Nxd5 10. Nxc6 bxc6 11. Bd2 Rb8 12. Qc1 Nb4 13. Rd1 Nd3 14. Bxd3
Qxd3 15. Be1 Qf5 16. b3 Be6 17. Qa3 Qg5 18. f4 Qf5 19. Rac1 Rbd8 20. Rxd8 Rxd8
21. Qxe7 Bf6 22. Qxa7 Rd3 23. Qb8+ Kg7 24. e4 Qc5+ 25. Bf2 Bd4 26. Bxd4+ Qxd4+
27. Kf1 Rxc3 28. Rxc3 Qxc3 29. Qe5+ Qxe5 30. fxe5 f6 31. Ke2 fxe5 32. Kd3 Kf6
33. Kc3 c5 34. a4 Ke7 35. a5 Kd6 36. b4 cxb4+ 37. Kxb4 Bd7 38. a6 Bc6 0-1

[Event "2. Bundesliga Mitte 2005/2006"]
[Site "Gleisdorf"]
[Date "2006.03.25"]
[Round "10.3"]
[White "Sebenik, Matej"]
[Black "Bokros, Albert"]
[Result "1/2-1/2"]
[WhiteElo "2386"]
[BlackElo "2426"]
[PlyCount "62"]
[EventDate "2005.10.08"]

1. d4 e6 2. c4 b6 3. e4 Bb7 4. Bd3 f5 5. Nc3 Bb4 6. Qe2 Nf6 7. f3 Nc6 8. Be3
fxe4 9. fxe4 e5 10. d5 Nd4 11. Bxd4 exd4 12. a3 dxc3 13. axb4 cxb2 14. Qxb2 Qe7
15. Nf3 d6 16. O-O O-O 17. e5 dxe5 18. Nxe5 b5 19. Bf5 bxc4 20. Be6+ Kh8 21.
Qd4 Qe8 22. Qxc4 a5 23. Qxc7 Bxd5 24. Bxd5 Nxd5 25. Nf7+ Kg8 26. Qc4 Ne3 27.
Nh6+ Kh8 28. Rxf8+ Qxf8 29. Nf7+ Kg8 30. Nh6+ Kh8 31. Nf7+ Kg8 1/2-1/2

[Event "2. Bundesliga Mitte 2005/2006"]
[Site "Gleisdorf"]
[Date "2006.03.25"]
[Round "10.3"]
[White "Bachler, Reinhard"]
[Black "Gostisa, Leon"]
[Result "1/2-1/2"]
[WhiteElo "2241"]
[BlackElo "2415"]
[PlyCount "83"]
[EventDate "2005.10.08"]

1. f4 Nf6 2. g3 d5 3. Bg2 c6 4. d3 Qb6 5. e4 dxe4 6. dxe4 e5 7. f5 Bc5 8. Nh3
h5 9. c3 a5 10. Nd2 Qc7 11. a4 b6 12. Nb3 Nbd7 13. Nxc5 Nxc5 14. Nf2 Ba6 15.
Qc2 Bc4 16. Be3 Qb7 17. b4 Ncd7 18. h3 Qa6 19. Bf3 b5 20. axb5 Qxb5 21. Qa4 O-O
22. Qxb5 cxb5 23. bxa5 Ra6 24. g4 hxg4 25. hxg4 Rfa8 26. g5 Ne8 27. Rd1 Rd6 28.
Ra1 Rda6 29. Rd1 Rd6 30. Rxd6 Nxd6 31. Rh2 Rxa5 32. Nd1 Ra2 33. Rd2 Rxd2 34.
Kxd2 Bb3 35. Nb2 Kf8 36. Ba7 Nc4+ 37. Nxc4 Bxc4 38. Bf2 Ke7 39. Bh4 Kd6 40. Bh5
Nc5 41. Ke3 Na4 42. Kd2 1/2-1/2

[Event "2. Bundesliga Mitte 2005/2006"]
[Site "Gleisdorf"]
[Date "2006.03.25"]
[Round "10.3"]
[White "Dietmayer-Kraeutler, Marco"]
[Black "Arztmann, Wolfgang"]
[Result "1-0"]
[WhiteElo "2227"]
[BlackElo "2090"]
[PlyCount "77"]
[EventDate "2005.10.08"]

1. d4 d6 2. Nf3 g6 3. Bf4 Bg7 4. e4 Nf6 5. Nbd2 O-O 6. c3 Nbd7 7. Bc4 c6 8. Qe2
Nh5 9. Bg5 h6 10. Be3 e5 11. Bb3 Qe7 12. O-O Re8 13. Rfe1 Nf8 14. Rad1 Be6 15.
dxe5 dxe5 16. Nc4 Red8 17. Rxd8 Rxd8 18. Rd1 Nf4 19. Qf1 Rxd1 20. Bxd1 Qc7 21.
Bb3 b5 22. Ncd2 a5 23. c4 a4 24. Bc2 Qa5 25. g3 Bh3 26. Qd1 Ng2 27. Bc5 Ne6 28.
Bd6 b4 29. Bxa4 Nd4 30. c5 b3 31. Nxd4 Qxa4 32. N4xb3 f5 33. exf5 gxf5 34. Qh5
Nf4 35. gxf4 Bg4 36. Qe8+ Kh7 37. Bxe5 Bxe5 38. Qxe5 Qxa2 39. f3 1-0

[Event "2. Bundesliga Mitte 2005/2006"]
[Site "Gleisdorf"]
[Date "2006.03.25"]
[Round "10.3"]
[White "Reiss, Georg"]
[Black "Sachsenhofer, Michael"]
[Result "1-0"]
[WhiteElo "2003"]
[BlackElo "2044"]
[PlyCount "49"]
[EventDate "2005.10.08"]

1. d4 d5 2. Nf3 Nc6 3. c4 Bg4 4. e3 Nf6 5. Nc3 e6 6. Be2 Be7 7. O-O O-O 8. a3
dxc4 9. Bxc4 Nb8 10. b4 Nbd7 11. Bb2 Nb6 12. Bd3 c6 13. Qc2 Bxf3 14. gxf3 h6
15. Kh1 Nbd5 16. Rg1 a5 17. b5 Nxc3 18. Bxc3 Qd5 19. e4 Qd7 20. bxc6 Qxc6 21.
Qd2 Kh8 22. Rxg7 Kxg7 23. Rg1+ Kh8 24. Qxh6+ Nh7 25. Qg7# 1-0

[Event "2. Bundesliga Mitte 2005/2006"]
[Site "Gleisdorf"]
[Date "2006.03.25"]
[Round "10.4"]
[White "Flumbort, Andras"]
[Black "Vajda, Levente"]
[Result "1-0"]
[WhiteElo "2484"]
[BlackElo "2540"]
[PlyCount "81"]
[EventDate "2005.10.08"]

1. d4 g6 2. c4 Bg7 3. Nf3 d6 4. Nc3 Nd7 5. e4 e5 6. Be2 Ne7 7. h4 h6 8. d5 a5
9. h5 Nf6 10. hxg6 fxg6 11. c5 g5 12. cxd6 cxd6 13. Qa4+ Kf7 14. Nd2 Ng6 15.
Nc4 Nf4 16. Bf1 Rf8 17. g3 Ng6 18. Be3 Ra6 19. Nd2 Ra8 20. Qb5 Kg8 21. Be2 Qe7
22. a4 Bg4 23. Bxg4 Nxg4 24. Qe2 Nxe3 25. Qxe3 Rf7 26. Qe2 Qc7 27. Nd1 Raf8 28.
Rh2 Qb6 29. Rc1 Rc7 30. Rxc7 Qxc7 31. Qc4 Qb6 32. Ke2 Ne7 33. Rh1 Rc8 34. Qd3
Qb4 35. b3 Kh7 36. Nc4 Kg6 37. Nde3 h5 38. Nf5 Nxf5 39. exf5+ Kf6 40. Rxh5 b5
41. Ne3 1-0

[Event "2. Bundesliga Mitte 2005/2006"]
[Site "Gleisdorf"]
[Date "2006.03.25"]
[Round "10.4"]
[White "Vajda, Albert"]
[Black "Sandhoefner, Florian"]
[Result "1-0"]
[WhiteElo "2441"]
[BlackElo "2268"]
[PlyCount "57"]
[EventDate "2005.10.08"]

1. e4 c5 2. Nf3 d6 3. Bc4 Nc6 4. d3 g6 5. a3 Bg7 6. Ba2 Nf6 7. O-O O-O 8. Re1
b5 9. h3 Bb7 10. Nc3 a6 11. Rb1 Rc8 12. Be3 Nd7 13. Qd2 Nd4 14. Nh2 b4 15. Ne2
Qa5 16. Bg5 Rfe8 17. Ng4 Ne5 18. Nxd4 cxd4 19. Bb3 Nxg4 20. hxg4 Rc7 21. axb4
Qb6 22. f4 Rb8 23. f5 Bc8 24. Rf1 gxf5 25. gxf5 Qxb4 26. Qf4 Qc5 27. Rf3 d5 28.
exd5 Qd6 29. f6 1-0

[Event "2. Bundesliga Mitte 2005/2006"]
[Site "Gleisdorf"]
[Date "2006.03.25"]
[Round "10.4"]
[White "Tober, Gerhard"]
[Black "Schachinger, Mario"]
[Result "1/2-1/2"]
[WhiteElo "2277"]
[BlackElo "2183"]
[PlyCount "51"]
[EventDate "2005.10.08"]

1. e4 Nc6 2. Nf3 d6 3. d4 Bg4 4. Be2 Nf6 5. h3 Bh5 6. Nc3 d5 7. exd5 Nxd5 8.
O-O e6 9. Nxd5 Qxd5 10. c4 Qe4 11. Be3 Nb4 12. a3 Nc2 13. Bd3 Nxe3 14. Bxe4
Nxd1 15. Bxb7 Rb8 16. Bc6+ Ke7 17. Rfxd1 Bxf3 18. Bxf3 Rxb2 19. Rab1 Rxb1 20.
Rxb1 Kd7 21. Rb8 g6 22. Bd1 Bg7 23. Ba4+ Kd6 24. c5+ Kd5 25. Rb7 Bxd4 26. Rxc7
1/2-1/2

[Event "2. Bundesliga Mitte 2005/2006"]
[Site "Gleisdorf"]
[Date "2006.03.25"]
[Round "10.4"]
[White "Zechner, Gernot"]
[Black "Heimberger, Reinhard"]
[Result "1-0"]
[WhiteElo "2169"]
[BlackElo "2268"]
[PlyCount "63"]
[EventDate "2005.10.08"]

1. e4 c5 2. Nf3 e6 3. d4 cxd4 4. Nxd4 Nf6 5. Nc3 d6 6. g4 h6 7. h4 a6 8. Rg1
Nfd7 9. g5 hxg5 10. hxg5 g6 11. Be3 b5 12. a3 Bb7 13. Qd2 Nc5 14. Bg2 Nc6 15.
Nxc6 Bxc6 16. O-O-O Qc7 17. Rh1 Rxh1 18. Rxh1 a5 19. Bxc5 dxc5 20. Qe3 b4 21.
Nd5 Bxd5 22. exd5 Ra6 23. Bf1 Rb6 24. dxe6 Rxe6 25. Bb5+ Ke7 26. Qf3 Bg7 27.
Rd1 Bd4 28. axb4 axb4 29. Bc4 Qe5 30. Bxe6 Bxb2+ 31. Kb1 Kxe6 32. Qb3+ 1-0

[Event "2. Bundesliga Mitte 2005/2006"]
[Site "Gleisdorf"]
[Date "2006.03.25"]
[Round "10.4"]
[White "Stueckler, Ferdinand"]
[Black "Stadler, Peter"]
[Result "1-0"]
[WhiteElo "2096"]
[BlackElo "2175"]
[PlyCount "55"]
[EventDate "2005.10.08"]

1. c4 Nf6 2. Nc3 d5 3. cxd5 Nxd5 4. g3 g6 5. Bg2 Nb6 6. Nf3 Bg7 7. O-O c5 8. d3
Nc6 9. Be3 Nd4 10. Ne4 Nxf3+ 11. Bxf3 Bxb2 12. Nxc5 Rb8 13. Rb1 Bg7 14. Qb3 O-O
15. a4 Qd6 16. a5 Nd7 17. Nxd7 Qxd7 18. Bxa7 Ra8 19. Bb6 Be5 20. Rfc1 h5 21. d4
Bb8 22. Qd5 Bd6 23. e4 e6 24. Qg5 Re8 25. e5 Be7 26. Qf4 Bd8 27. Rc5 Ra6 28.
Be2 1-0

[Event "2. Bundesliga Mitte 2005/2006"]
[Site "Gleisdorf"]
[Date "2006.03.25"]
[Round "10.5"]
[White "Fahrner, Kurt"]
[Black "Neubauer, Martin"]
[Result "1/2-1/2"]
[WhiteElo "2355"]
[BlackElo "2444"]
[PlyCount "97"]
[EventDate "2005.10.08"]

1. d4 Nf6 2. c4 g6 3. Nc3 d5 4. cxd5 Nxd5 5. e4 Nxc3 6. bxc3 Bg7 7. Be3 c5 8.
Qd2 Qa5 9. Rc1 cxd4 10. cxd4 Qxd2+ 11. Kxd2 O-O 12. Bb5 Rd8 13. Ne2 Nc6 14.
Bxc6 bxc6 15. f3 e5 16. Rxc6 exd4 17. Bg5 Re8 18. Nf4 f5 19. Nd5 fxe4 20. fxe4
Bb7 21. Rc7 Bxd5 22. exd5 Re5 23. h4 h6 24. Be7 Rxd5 25. Rf1 Ra5 26. a3 Ra6 27.
Bc5 Rf6 28. Rxf6 Bxf6 29. Rxa7 Rc8 30. Ra5 Bxh4 31. Bxd4 Kf7 32. Kd3 Rc6 33.
Ke4 Be7 34. a4 Ke6 35. Re5+ Kd7 36. Rb5 Rc4 37. Rb7+ Ke6 38. Rb6+ Kf7 39. Ra6
Bc5 40. Kd5 Rxd4+ 41. Kxc5 Rg4 42. a5 Rxg2 43. Rd6 Ra2 44. a6 h5 45. Kb6 h4 46.
a7 h3 47. Rd7+ Kf6 48. Rh7 Rb2+ 49. Kc7 1/2-1/2

[Event "2. Bundesliga Mitte 2005/2006"]
[Site "Gleisdorf"]
[Date "2006.03.25"]
[Round "10.5"]
[White "Mazi, Leon"]
[Black "Kotz, Heinz Peter"]
[Result "0-1"]
[WhiteElo "2376"]
[BlackElo "2312"]
[PlyCount "110"]
[EventDate "2005.10.08"]

1. g3 {[%emt 0:00:00]} g6 2. Bg2 Bg7 3. e4 d6 4. d4 Nf6 5. Nc3 O-O 6. h3 e5 7.
Nf3 Nc6 8. Be3 a6 9. a4 Bd7 10. O-O Re8 11. Re1 Rb8 12. a5 exd4 13. Nxd4 Ne5
14. b3 Qc8 15. f4 Nc6 16. Kh2 Nxd4 17. Bxd4 c5 18. Bxf6 Bxf6 19. Nd5 Bg7 20.
Nb6 Qd8 21. Nxd7 Qxd7 22. Ra4 Rbd8 23. Qd5 Qc7 24. Re3 b5 25. axb6 Qxb6 26. Rd3
h5 27. Qc4 a5 28. Rd5 h4 29. g4 Qc7 30. Qf1 Rb8 31. Qa6 Bd4 32. Rxd6 Be3 33. e5
Rb4 34. Qf1 Bxf4+ 35. Kh1 Bxe5 36. Rc6 Qd8 37. Rxc5 Rxa4 38. bxa4 Bg3 39. Rd5
Qc7 40. Rd1 Qxc2 41. Ra1 Re3 42. Rc1 Qxa4 43. Qf6 Qe8 44. Rf1 Re2 45. Qa6 a4
46. Qd3 Re1 47. Bd5 Rxf1+ 48. Qxf1 Kg7 49. Kg2 Qe7 50. Qf3 Qf6 51. Qe3 a3 52.
g5 Qb2+ 53. Kf3 a2 54. Qa7 Qc3+ 55. Kg4 Bc7 0-1

[Event "2. Bundesliga Mitte 2005/2006"]
[Site "Gleisdorf"]
[Date "2006.03.25"]
[Round "10.5"]
[White "Ebner, Hubert"]
[Black "Hebesberger, Thomas"]
[Result "0-1"]
[WhiteElo "2258"]
[BlackElo "2299"]
[PlyCount "134"]
[EventDate "2005.10.08"]

1. d4 g6 2. c4 Bg7 3. Nc3 c5 4. d5 f5 5. e4 Bxc3+ 6. bxc3 fxe4 7. f3 e5 8. dxe6
d6 9. Nh3 Nf6 10. Be2 Bxe6 11. Ng5 Qd7 12. O-O Nc6 13. Rb1 b6 14. Nxe4 Nxe4 15.
fxe4 O-O-O 16. Rf6 Kc7 17. Bh6 Rhe8 18. a4 Qe7 19. Qf1 Bf5 20. Bg5 Qxe4 21.
Rxf5 Qxf5 22. Bxd8+ Rxd8 23. Qd1 Rf8 24. h3 Qf2+ 25. Kh1 Re8 26. Bf3 Re5 27.
Qc1 Re3 28. Qd1 Ne5 29. Bd5 Nd3 30. Qb3 Re1+ 31. Rxe1 Qxe1+ 32. Kh2 Qe5+ 33.
Kh1 Qe1+ 34. Kh2 Nf4 35. Bf3 Qe5 36. Qb5 Ne2+ 37. Kh1 Ng3+ 38. Kg1 Qe1+ 39. Kh2
Nf1+ 40. Kg1 Nd2+ 41. Kh2 Nxf3+ 42. gxf3 Qf2+ 43. Kh1 Qxf3+ 44. Kh2 Qf2+ 45.
Kh1 Qg3 46. Qe8 Qxh3+ 47. Kg1 Qg4+ 48. Kh2 Qd7 49. Qg8 Kb7 50. Qd5+ Ka6 51. Qd1
h5 52. a5 Kxa5 53. Qb1 Qa4 54. Qd3 g5 55. Kg3 Qd7 56. Kh2 Qg4 57. Kh1 h4 58.
Qf1 Qe4+ 59. Kg1 Qe3+ 60. Kh1 Qxc3 61. Qe2 Kb4 62. Qa2 h3 63. Qb1+ Kxc4 64.
Qf1+ Qd3 65. Qc1+ Kb5 66. Kh2 Qf3 67. Qb1+ Kc6 0-1

[Event "2. Bundesliga Mitte 2005/2006"]
[Site "Gleisdorf"]
[Date "2006.03.25"]
[Round "10.5"]
[White "Smole, Albert"]
[Black "Aschenbrenner, Robert"]
[Result "0-1"]
[WhiteElo "2092"]
[BlackElo "2252"]
[PlyCount "72"]
[EventDate "2005.10.08"]

1. d4 Nf6 2. Nf3 g6 3. c4 Bg7 4. Nc3 d6 5. e4 Bg4 6. h3 Bxf3 7. Qxf3 O-O 8. Bg5
Nfd7 9. Qe3 a6 10. f4 Nc6 11. O-O-O f6 12. Bh4 e5 13. dxe5 dxe5 14. Be2 Qe8 15.
f5 Nd4 16. g4 c6 17. Rhg1 g5 18. Bf2 b5 19. Qd2 Rf7 20. h4 h6 21. hxg5 fxg5 22.
Be3 Nc5 23. Qe1 Rb7 24. Qf2 Qd8 25. Qg2 Qa5 26. f6 Bxf6 27. Qf2 Bg7 28. Rxd4
Rf8 29. Rd6 Rxf2 30. Bxf2 b4 31. Nd1 Nxe4 32. Rxc6 b3 33. Rc8+ Bf8 34. Nc3 Nxc3
35. Bf3 Rf7 36. Rg3 bxa2 0-1